Регионална библиотека "Любен Каравелов" - Русе

Сияние на жена (Запис номер 171986)

MARC детайли
000 -Лидер
Контролно поле с фиксирана дължина 01676nam a2200385 c 4500
003 - Код на организацията, давaща контролен номер
Контролно поле BLK
005 - Дата и час на последна редакция
Контролно поле 20241105111639.0
008 - Елементи от данни с фиксирана дължина
fixed length control field 180411b bul|||||r ||||||| ||bul||
010 ## - Наследен системен номер
LC control number KNG00180284000
020 ## - Международен стандартен номер на книга ISBN
Международен стандартен номер на книга ISBN 978-954-8311-54-0
-- издат.: Леге Артис
040 ## - Източник на каталожния запис
Идентификатор на билиотеката - собственик на записа BLK
041 ## - Код за език
Код за езика на текст/звукозапис или на отделно заглавие Български
Код за езика КДБФ Български
072 #7 - Код за тематичната категория
Код организация bullib
Код за тематична категория Н83
Текст Чужда художествена литература Н
080 ## - УДК
Текстов определител УДК Френска литература
УДК код - определител по УДК 821.133.1
УДК определител -31
УДК - код + определител 821.133.1-31
100 1# - Редна дума - Автор
Автор Гари, Ромен
Авторска отговорност първи автор
Автор - информация (биография) Кацев, Роман
R(LIN) 376207
139 ## - Редно поле
Редна дума Гари, Ромен
Авторски знак Гар - Г 23
245 10 - Сведения за заглавието
Заглавие Сияние на жена
Подзаглавни данни Роман
Редно поле (дума) Ромен Гари; прев. от фр. Зорница Стефанова Китинска; * Роман Кацев.
250 ## - Област на изданието
Сведения за изданието 2. изд.
257 ## - Страна на издаване
Страна на създаване/издаване Франция
260 ## - Област на издателските данни
-- Плевен
Име на издателя, разпространителя и проч. Леге Артис
Година на издаване 2014
Печатница София : Артграф
300 ## - Физическа характеристика
Страници 148 с.
Размери/Мащаб 22 см
380 ## - Жанр
Жанр Худож. лит.
490 1# - СЕРИИ (Колекции)
Име на серия Поредица Безкрайна проза
500 ## - Общи забележки
Забележка 1. изд. 2004 на изд. Леге Артис. - Ориг. загл. Clair de femme / Romain Gary. - Ромен Гари е псевдоним на Роман Кацев.
653 ## - Ключова дума – ненормативна
Ключова дума романи
659 ## - Тематичен бюлетин
Тематичен бюлетин Н
700 1# - Други автори (авторска отговорност)
Лично име Китинска, Зорница Стефанова
Автороска отговорност (Описва отношението между автора и произведението) прев. от фр.
9 (RLIN) 79412
700 1# - Други автори (авторска отговорност)
Лично име Кацев, Роман
Автороска отговорност (Описва отношението между автора и произведението) *
9 (RLIN) 313194
852 ## - Местоположение
Форматна сигнатура Цб 276155
856 4# - Електронен адрес и достъп
Електронен формат pdf - файл
Път до файла /url/
856 4# - Електронен адрес и достъп
Електронен формат pdf - файл
Път до файла /url/
942 ## - АРТИКУЛИ
Вид на библиотечния материал Книги
Скрит в OPAC Не
Koha issues (borrowed), all copies 18
944 ## - СЪЗДАВАНЕ И РЕДАКЦИЯ на ЗАПИСА
Създаване/Редакция Създаване
Дата на регистрацията/редакция 25.08.2015
Статус, дата на статуса Русанова Ирена
Служител, извършил регистрацията/редакцията 30542
944 ## - СЪЗДАВАНЕ И РЕДАКЦИЯ на ЗАПИСА
Създаване/Редакция Редакция
Дата на регистрацията/редакция 23.02.2018
Статус, дата на статуса ф /
Служител, извършил регистрацията/редакцията Людмила_Стоянова
999 ## - СИСТЕМНИ КОНТРОЛНИ НОМЕРА
Koha biblionumber 171986
Koha biblioitemnumber 171986
Наличности
Код за отписване Код за изгубен артикул Код за повреда Коз за рестрикции Код за отдаване Артикулен № Име на библиотеката - собственик Име на библиотеката, в която се намира в момента Статус (Текущо местоположение) Дата на вписване в системата Местоположение - отдел Цена в лева Инвентарен номер Систематично азбучна сигнатура Баркод Номер на екземпляра Цена в евро Служебна бележка Служебен тип на артикула Източник на класификационната схема
  Не е изгубен Не е повреден без рестрикции ползва се в читалня 292776 Регионална библиотека "Любен Каравелов" Русе Регионална библиотека "Любен Каравелов" Русе Хранилище 2015-08-26 Хранилище 8.00 120000791462 Цб 276155 120000791462 1 4.09 Дост: Dp Вид: Д N: 20 Дата: 29.04.2015 Книги  
  Не е изгубен Не е повреден без рестрикции заемане за дома 292777 Регионална библиотека "Любен Каравелов" Русе Регионална библиотека "Любен Каравелов" Русе Заемна - подръчен фонд 2018-01-29 Заемна - подръчен фонд 8.00 120000819333 П 840-31/Г 23 120000819333 2 4.09 Дост: DA Вид: А N: 1 Дата: 29.01.2018 Дата инв: 15.02.2018 Бележки инв: П2018 Книги Universal Decimal Classification
Vip Innovations Ltd, Rousse, Bulgaria 2025